Datum a čas kvízu
23
Celkem bodů
Celkový počet nahraných bodů na tomto kvízu bez doplňovacích otázek.
4.
Pořadí na kvízu
Konečné umístění týmu na tomto kvízu.
Zaznamenané odpovědi
| # | Otázka | Odpověď | Body | Výsledky |
|---|---|---|---|---|
| 1. | Komu přišlo hodně troufalé, že... | 0 | ||
| 2. | Ruští vyšetřovatelé začali vyš... | 0 | ||
| 3. | Ve čtvrtek vstoupil do našich... | 1 | ||
| 4. | Rodící se největší pojišťovna... | 0.5 | ||
| 5. | Jedna z největších legend svéh... | 0 | ||
| 6. | Pokud jste na titulní otázku o... | 1 | ||
| 7. | Herci Tobinu Bellovi přinesla... | 1 | ||
| 5. | Film Osvícení vznikl v roce 19... | 0 | ||
| 5. | Příběh thrilleru s prvky horor... | 0 | ||
| 10. | Shaun je hospodský povaleč, co... | 0 |